| 000 | 01198nam a2200289 i 4500 | ||
|---|---|---|---|
| 001 | 159529 | ||
| 003 | ES-MaACL | ||
| 005 | 20240515063123.0 | ||
| 008 | 960710s1882 sp a |||| | spa d | ||
| 080 | _a821.134.2-91"18" | ||
| 080 | _a74 Mestres, Apeles | ||
| 100 | 1 |
_aMestres, Apeles, _d1854-1936 _9140420 |
|
| 245 | 1 | 3 |
_aLa sonda ; _bEl conde tal ; Cuatro hombres y un cabo / _cApeles Mestres. |
| 246 | 3 | 4 | _aCuentos vivos |
| 260 |
_aBarcelona : _bC. Verdaguer, _c1882. |
||
| 300 |
_a165 h. : _bprincipalmente il. ; _c20 cm. |
||
| 490 | 1 | _aBiblioteca Verdaguer | |
| 530 | _aDisponible en formato digital. | ||
| 597 | _aLas h. impresas por una sola cara. | ||
| 599 | _aLos cuentos, contados principalmente con viñetas : dos en cada p. con una línea de texto. | ||
| 740 | 3 | 2 | _aEl conde tal. |
| 740 | 0 | 2 | _aCuatro hombres y un cabo. |
| 830 | 0 |
_aBiblioteca Verdaguer _9188206 |
|
| 852 |
_aES-MaACL _jE-13155 _z- Enc. editorial en tela marrón con estampaciones en negro y dorado: "F. Jorba" _z. - Legado de M. de la Fuente |
||
| 856 |
_uhttps://bvpb.mcu.es/es/consulta/registro.do?id=577733 _zBiblioteca Virtual del Patrimonio Bibliográfico |
||
| 999 |
_c159529 _d159529 |
||